| 000 | 00683nam a2200205Ia 4500 | ||
|---|---|---|---|
| 003 | GCL | ||
| 005 | 20240530105348.0 | ||
| 008 | 140319s9999 xx 000 0 ara d | ||
| 040 |
_aGCL / _cGCL |
||
| 082 | 0 | 4 |
_a621.57 _bف ت |
| 100 | 1 | _aفاروق محمد العامرى | |
| 245 | 1 | 2 |
_aالتبريد : صيانة واصلاح جميع الثلاجات الكهربائية - الثلاجة / _cفاروق محمد العامرى |
| 260 |
_a[S.N] : _bالدار المصرية اللبنانية ، _c1993 |
||
| 300 | _a356 ص | ||
| 490 | 0 |
_aالتبريد ؛ _x18 |
|
| 650 | 0 | 4 | _aالصيانة |
| 650 | 0 | 4 | _aالتبريد |
| 650 | 0 | 4 | _aالثلاجات |
| 942 |
_2ddc _cBK |
||
| 999 |
_c55305 _d55305 |
||